Statistics for Element Symbol by letter "F-G"

Click here to take the quiz!

General Stats

  • This quiz has been taken 26 times
  • The average score is 7 of 8

Answer Stats

HintAnswer% Correct
FFluorine
100%
FrFrancium
100%
GaGallium
100%
FeIron
100%
GeGermanium
83%
FmFermium
67%
FlFlerovium
67%
GdGadolinium
50%

Score Distribution

Percentile by Number Answered

Percent of People with Each Score

Your Score History

You have not taken this quiz